|
|
|
|
| LEADER |
00000nam2a2200000 4500 |
| 001 |
261403 |
| 005 |
20231101233548.0 |
| 010 |
|
|
|a 5060012921
|
| 020 |
|
|
|a RU
|b 88-41808
|
| 035 |
|
|
|a (RuTPU)RU\TPU\book\284383
|
| 090 |
|
|
|a 261403
|
| 100 |
|
|
|a 20140523d1988 m y0rusy5003 ca
|
| 101 |
0 |
|
|a rus
|
| 102 |
|
|
|a RU
|
| 105 |
|
|
|a a j 000zy
|
| 200 |
0 |
|
|a Кн. 11 : Практикум по программированию
|f А. В. Стрижков [и др.]
|
| 210 |
|
|
|d 1988
|
| 215 |
|
|
|a 143 с.
|c ил.
|
| 461 |
|
1 |
|0 (RuTPU)RU\TPU\book\294318
|t Программное обеспечение микроЭВМ
|o в 11 кн.
|o учебное пособие для средних профессиональных заведений
|f под ред. В. Ф. Шаньгина
|v Кн. 11 : Практикум по программированию
|d 1987-1988
|
| 606 |
1 |
|
|a Микро-ЭВМ
|x Программное обеспечение
|x Программирование
|2 stltpush
|3 (RuTPU)RU\TPU\subj\43788
|9 63230
|
| 610 |
1 |
|
|a алгоритмы
|
| 610 |
1 |
|
|a программы
|
| 610 |
1 |
|
|a типовые задачи
|
| 610 |
1 |
|
|a решения
|
| 610 |
1 |
|
|a Бейсик
|
| 610 |
1 |
|
|a Фортран
|
| 610 |
1 |
|
|a Паскаль
|
| 610 |
1 |
|
|a практические пособия
|
| 675 |
|
|
|a 681.322-181.48(076.5)
|z rus
|v 3
|
| 701 |
|
1 |
|a Стрижков
|b А. В.
|g Александр Васильевич
|
| 701 |
|
1 |
|a Гулякович
|b М. А.
|g Миля Андреевна
|
| 701 |
|
1 |
|a Цапыгина
|b З. В.
|g Зоя Васильевна
|
| 701 |
|
1 |
|a Горячева
|b Л. Г.
|g Людмила Георгиевна
|
| 701 |
|
1 |
|a Колдаев
|b В. Д.
|g Виктор Дмитриевич
|
| 801 |
|
0 |
|a RU
|b RuMRKP
|c 19950417
|g psbo
|
| 801 |
|
1 |
|a RU
|b 63413507
|c 20140523
|
| 801 |
|
2 |
|a RU
|b 63413507
|c 20160420
|g RCR
|
| 942 |
|
|
|c BK
|